| 000 | 00758nam a2200253 a 4500 | ||
|---|---|---|---|
| 001 | BRCA_4276 | ||
| 005 | 20190320204618.0 | ||
| 008 | 230610s1939----nyua######---#000-0#eng-# | ||
| 041 | _aeng | ||
| 044 | _anyu | ||
| 050 | 4 |
_aN611 _b.R67 1939 |
|
| 100 | 1 |
_aRorimer, James Joseph _911013 |
|
| 245 | 1 | 0 |
_aThe Building and the Collection of Mediaeval Art in Fort Tryon Park _cby James Joseph Rorimer. |
| 250 | _a4 | ||
| 260 |
_aNueva York _bMetropolitan Museum of Art _c1939 |
||
| 300 |
_a121 p. _bil., mapas _c22 cm. |
||
| 500 | _aCEF70 | ||
| 650 | 1 | 4 |
_aArte medieval _911014 |
| 650 | 1 | 4 |
_aArte _zNueva York _910583 |
| 650 | 1 | 4 |
_aClaustros (Arquitectura) _911015 |
| 710 | 2 |
_aMetropolitan Museum of Art (Nueva York) _97537 |
|
| 902 | _aGFM | ||
| 942 |
_2lcc _cB |
||
| 999 |
_c3987 _d3987 |
||